| 000 | 01594nam a2200349 a 4500 | ||
|---|---|---|---|
| 001 | ebr10229925 | ||
| 003 | CaPaEBR | ||
| 006 | m u | ||
| 007 | cr cn||||||||| | ||
| 008 | 070906s2008 enk sb 001 0 eng | ||
| 010 | _z 2007036907 | ||
| 015 |
_aGBA797059 _2bnb |
||
| 016 | 7 |
_z014458163 _2Uk |
|
| 020 | _z9780199207404 | ||
| 020 | _z0199207402 | ||
| 040 |
_aCaPaEBR _cCaPaEBR |
||
| 035 | _a(OCoLC)236382642 | ||
| 050 | 1 | 4 |
_aBX1378.6 _b.R68 2008eb |
| 082 | 0 | 4 |
_a230/.2092 _222 |
| 100 | 1 |
_aRowland, Tracey, _d1963- |
|
| 245 | 1 | 0 |
_aRatzinger's faith _h[electronic resource] : _bthe theology of Pope Benedict XVI / _cTracey Rowland. |
| 260 |
_aOxford ; _aNew York : _bOxford University Press, _c2008. |
||
| 300 | _axiii, 214 p. | ||
| 504 | _aIncludes bibliographical references (p. [197]-206) and index. | ||
| 505 | 0 | _aRatzinger and contemporary theological circles -- Gaudium et spes and the importance of Christ -- Revelation, Scripture, and tradition -- Beyond moralism : God is love -- The structure of the communion -- Modernity and the politics of the West -- Liturgy since Vatican II. | |
| 533 |
_aElectronic reproduction. _bPalo Alto, Calif. : _cebrary, _d2013. _nAvailable via World Wide Web. _nAccess may be limited to ebrary affiliated libraries. |
||
| 600 | 0 | 0 |
_aBenedict _bXVI, _cPope, _d1927- |
| 610 | 2 | 0 |
_aCatholic Church _xDoctrines _xHistory _y20th century. |
| 655 | 7 |
_aElectronic books. _2local |
|
| 710 | 2 | _aebrary, Inc. | |
| 856 | 4 | 0 |
_uhttp://site.ebrary.com/lib/rucke/Doc?id=10229925 _zAn electronic book accessible through the World Wide Web; click to view |
| 999 |
_c39186 _d39186 |
||